000 00944nam a2200253 a 4500
001 BRCA_4768
005 20190320204809.0
008 081010c1966----ag-af#####---#000-0#spa-#
041 _aspa
044 _aag
050 4 _aND553
_b.P56
_c1966
245 1 0 _aPierre Bonnard
_cmonografía por Franco Russoli ; traducción por Marcial Suárez ; enfoque de actualidad, por Luis Seoane.
260 _aArgentina
_bCodex
_c1966
300 _a1 v. (sin paginación)
_bil., 16 láminas a color
_c36 cm.
440 0 _aPinacoteca de los genios : la más grandiosa colección de arte del mundo
_v138
_912049
500 _aIncluye índice de ilustraciones y nómina de pintores publicados en pinacoteca de los genios
600 1 4 _aBonnard, Pierre
_d1867-1947
_912050
650 1 4 _aPintura
_92498
650 1 4 _aArte
_912051
700 1 _aRussoli, Franco
_912052
700 1 _aSeoane, Luis
_912053
700 1 _aSuárez, Marcial
_etr.
_912054
942 _2lcc
_cB
999 _c4465
_d4465